Reform in America : (Record no. 8907)
[ view plain ]
| 000 -LEADER | |
|---|---|
| fixed length control field | 00884cam a22002771 4500 |
| 001 - CONTROL NUMBER | |
| control field | 279414 |
| 003 - CONTROL NUMBER IDENTIFIER | |
| control field | OSt |
| 005 - DATE AND TIME OF LATEST TRANSACTION | |
| control field | 20140310182047.0 |
| 008 - FIXED-LENGTH DATA ELEMENTS--GENERAL INFORMATION | |
| fixed length control field | 711216s1964 ilu 000 0 eng |
| 010 ## - LIBRARY OF CONGRESS CONTROL NUMBER | |
| LC control number | 64022778 |
| 040 ## - CATALOGING SOURCE | |
| Original cataloging agency | DLC |
| Transcribing agency | DLC |
| Modifying agency | DLC |
| 043 ## - GEOGRAPHIC AREA CODE | |
| Geographic area code | n-us--- |
| 050 00 - LIBRARY OF CONGRESS CALL NUMBER | |
| Classification number | E 183 |
| Item number | .R237 1964 |
| 082 00 - DEWEY DECIMAL CLASSIFICATION NUMBER | |
| Classification number | HS 324.2736 |
| Item number | R19 1964 |
| 100 1# - MAIN ENTRY--PERSONAL NAME | |
| Personal name | Rattner, Faye. |
| 9 (RLIN) | 11778 |
| 245 10 - TITLE STATEMENT | |
| Title | Reform in America : |
| Remainder of title | Jacksonian democracy, progressivism, and the New Deal. |
| Statement of responsibility, etc | Faye Rattner. |
| 260 ## - PUBLICATION, DISTRIBUTION, ETC. (IMPRINT) | |
| Place of publication, distribution, etc | Chicago, |
| Name of publisher, distributor, etc | Scott, Foresman |
| Date of publication, distribution, etc | c1964. |
| 300 ## - PHYSICAL DESCRIPTION | |
| Extent | 176 p. : |
| Dimensions | 23 cm. |
| Other physical details | ill. ; |
| 490 0# - SERIES STATEMENT | |
| Series statement | Scott Foresman problems in American history |
| 650 #0 - SUBJECT ADDED ENTRY--TOPICAL TERM | |
| Topical term or geographic name as entry element | New Deal, 1933-1939. |
| 9 (RLIN) | 11779 |
| 651 #0 - SUBJECT ADDED ENTRY--GEOGRAPHIC NAME | |
| Geographic name | United States |
| General subdivision | Politics and government. |
| 9 (RLIN) | 11780 |
| 651 #0 - SUBJECT ADDED ENTRY--GEOGRAPHIC NAME | |
| Geographic name | United States |
| General subdivision | Social policy. |
| 9 (RLIN) | 11781 |
| 906 ## - LOCAL DATA ELEMENT F, LDF (RLIN) | |
| a | 7 |
| b | cbc |
| c | orignew |
| d | u |
| e | ocip |
| f | 19 |
| g | y-gencatlg |
| 942 ## - ADDED ENTRY ELEMENTS (KOHA) | |
| Source of classification or shelving scheme | Library of Congress Classification |
| Koha item type | |
| Withdrawn status | Lost status | Source of classification or shelving scheme | Damaged status | Home library | Current library | Shelving location | Date acquired | Total Checkouts | Full call number | Barcode | Date last seen | Copy number | Price effective from | Koha item type |
|---|---|---|---|---|---|---|---|---|---|---|---|---|---|---|
| Library of Congress Classification | Luxembourg Library | Luxembourg Library | High School Section | 08/17/2013 | E 183 .R237 1964 | 8715 | 07/28/2015 | 1 | 08/17/2013 | Books |